000
00280nam a22001337a 4500
041
_a
ENG
100
_a
Ambasht.R.S
245
_a
Environment And Pollution
250
_a
Fourth Ed
260
_a
Delhi
_b
CBS Pub
_c
1990
300
_a
323
650
_a
EOES
856
_u
EOES ( 11 )
999
_c
1159
_d
1159